00855nam a22002897a 4500001000400000003000900004005001700013007000400030008002800034020001500062040002200077092001500099100002100114240002700135245007000162260004800232300002100280490002200301700003200323830002200355910000800377942001200385945002800397952010500425956002000530999001500550075DO-SdBNP20180131104910.0075151005b1974 sp 00| 0 spa d a8421704362 aBPMSUbspacBPMSU aXXXXbXXXX1 aSimenon, Georges10aLe coup de lune /lfre10aMal de luna /cGeorges Simenon ; traducción Carmen Soler Blanch aBarcelona :bLuis de Caralt Editor, c1974. a191 p. :c18 cm.1 aEl observadorv1312aSoler Blanch, Carmenetrad. 0aEl observadorn13 a202 2ddccBK aInventariado, 2018 / BT 00102ddc40708CJ-DaBPMETbBPMETd2015-11-02eFUNDIl0pBPMSU15110004r2015-11-02w2015-11-02yBK aYngrid Lockward c8503d8503